000 01374nam a22002777a 4500
001 EPSA 0309
003 gtcocun
005 20250902181843.0
006 a||||gr|||| 00| 0
007 ta
008 250902b2025 gt ||||| m||| 00| 0 eng d
040 _agtcocun
_bSPA
_cgtcocun
_eRDA
041 _aSPA EPSA 0309
084 _0EPSA 0309
100 _aBarahona Pacay, Perla Aurora
_eAutor
245 _aINFORME FINAL DEL EJERCICIO PROFESIONAL SUPERVISADO, REALIZADO EN COOPERATIVA DE AHORRO Y CRÉDITO INTEGRAL COBÁN, RESPONSABILIDAD LIMITADA, COBÁN, ALTA VERAPAZ/
_cPerla Aurora Barahona Pacay
_hImpreso
264 _aCobán, Alta Verapaz:
_bUniversidad de San Carlos de Guatemala, Centro Universitario del Norte,
_c2025
300 _a76 p.:
_bIlustraciones, gráficas.
_c28 cm;
502 _eEPSA 0309
502 _aEjercicio Profesional Supervisado
_bLicenciatura en Administración de Empresas,
_cUniversidad de San Carlos de Guatemala, Centro Universitario del Norte, Licenciatura en Administración de Empresas
_d2025
_oEPSA 0309
650 _2LEMB
_aCobán, Alta Verapaz
_xAdministración
_xCooperativa
_xReglamento
_xGuía
_xPlan
_xManual
_xRotación
700 _aM.A. María Mercedes Juaréz Richter
_eAsesor
856 _uSin archivo en línea.
_zSin archivo en línea.
942 _2ddc
_cTES
_iEPSA 0309
_kClasificación
_n0
_6EPSA_0309_000000000000000
999 _c1604
_d1604